000 00589nam a2200217Ia 4500
003 OSt
005 20221002054835.0
006 a|||||r|||| 00| 0
007 ta
008 220930b |||||||| |||| 00| 0 eng d
024 _a70825
037 _cReference Collections
040 _aCRL
_cCRL
_beng
041 _2eng
_aeng
082 _aO111(Y15):gN, L9(RR)
100 _aGilbert Sadnra M Au.
_9576374
245 0 _aMadwoman in the attic
260 _c1979
942 _hO111(Y15):gN, L9(RR)
_cref
_2CC
999 _c926001
_d926001